[Event "BL 2016-17"]
[Site "Germany"]
[Date "2017.02.18"]
[Round "7"]
[White "Zelbel, Patrick"]
[Black "Laznicka, Viktor"]
[Result "0-1"]
[WhiteElo "2425"]
[BlackElo "2666"]
[Annotator "TA"]
[PlyCount "80"]
[EventDate "2017.??.??"]
[EventType "team-tourn"]
[EventCountry "GER"]
[SourceTitle "playchess.com"]
[Source "ChessBase"]
[SourceQuality "1"]
[WhiteTeam "Mülheim Nord"]
[BlackTeam "Schwäbisch Hall"]

{[%evp 15,80,32,40,35,22,21,6,-11,24,-24,23,21,44,-20,-37,-20,-21,-35,-33,-65,-58,-61,-64,-67,-40,-94,-89,-134,-147,-180,-114,-138,-148,-147,-99,-252,-255,-255,-252,-254,-246,-252,-252,-259,-246,-273,-279,-254,-241,-271,-273,-290,-241,-284,-285,-383,-368,-446,-445,-448,-448,-445,-431,-659,-657,-672,-666]} 1. e4 d5 2. exd5 Qxd5 3. Nc3 Qa5 4. d4 Nf6 5. Bc4 Bg4 6. f3 Bd7 7. Bd2 Qb6 8. Nge2 e6 {LiveBook: 20 Games} 9. a3 Be7 10. Be3 O-O {The position is equal.} 11. O-O Rd8 (11... Qxb2 $2 12. Bb3 $18) 12. Qc1 Be8 13. Ne4 Nd5 {[%cal Bf6d5,Bd5e3,Be3f5][%mdl 32]} 14. Bg5 (14. Bf2 $14) 14... Nc6 $11 15. c3 Bxg5 16. Qxg5 h6 ({Inferior is} 16... Qxb2 17. Bd3 Nxc3 18. N4xc3 (18. N2xc3 Qb6 $16) 18... Nxd4 19. Rfb1 Nxe2+ 20. Nxe2 $18) 17. Qg3 Ne3 $1 18. Nf6+ Kh8 $1 $36 {[%mdl 2048] White is under pressure.} 19. Nh5 {[%csl Gh5][%cal Rg3g7]} Nf5 $1 20. Qf4 {[#]} (20. Qf2 $1 $15) 20... Nce7 $1 $17 21. Kh1 {[#]} c5 $1 {[%cal Bc7c5,Bc5d4][%mdl 32]} 22. Bd3 Nd5 ({Black should try} 22... cxd4 $19 23. Bxf5 Nxf5 24. Nxd4 Nxd4 25. cxd4 Rd5) 23. Qc1 cxd4 24. Bxf5 {Black must now prevent Be4.} dxc3 ({Resist} 24... exf5 25. Nxd4 f4 26. Nxf4 $15) 25. Bb1 $2 (25. bxc3 $17 {was necessary.} exf5 26. Rb1) 25... cxb2 $19 26. Qc2 {[%csl Gb1][%cal Rc2h7]} f5 27. Ra2 Rac8 28. Qxb2 {[%csl Gh5][%cal Rb2g7]} Bxh5 29. Qxb6 Nxb6 30. Nf4 Bf7 {...e5 is the strong threat.} 31. Re2 Rd6 32. Ba2 Nc4 33. Rfe1 e5 34. Nh3 b5 {[%cal Bb7b5,Bb5c4,Bc4c3,Bc3c2][%mdl 32]} 35. Bxc4 bxc4 36. Rxe5 c3 {Hoping for ...c2.Black is clearly winning.} 37. Rc1 c2 38. Nf2 Bb3 39. Ree1 (39. g3 $142) 39... Rcd8 40. Kg1 Rd1 0-1

[Event "BL 2016-17"]
[Site "Germany"]
[Date "2017.02.18"]
[Round "7"]
[White "Carlstedt, Jonathan"]
[Black "Belezky, Alexander"]
[Result "1/2-1/2"]
[WhiteElo "2424"]
[BlackElo "2397"]
[Annotator "ChessBase"]
[PlyCount "139"]
[EventDate "2017.??.??"]
[EventType "team-tourn"]
[EventCountry "GER"]
[SourceTitle "playchess.com"]
[Source "ChessBase"]
[SourceQuality "1"]
[WhiteTeam "Hamburger SK"]
[BlackTeam "Bayern München"]
[TimeControl "40/6000+30:3000+30"]

1. d4 {[%emt 0:00:00]} Nf6 {[%emt 0:00:05]} 2. c4 {[%emt 0:00:33]} e6 {[%emt 0:00:00]} 3. Nc3 {[%emt 0:00:55]} Bb4 {[%emt 0:00:00]} 4. Qc2 {[%emt 0:00:53]} Nc6 {[%emt 0:00:00]} 5. Nf3 {[%emt 0:01:19]} d6 {[%emt 0:00:30]} 6. Bd2 {[%emt 0:00:30]} O-O {[%emt 0:00:30]} 7. O-O-O {[%emt 0:00:30]} Qe7 {[%emt 0:00:30]} 8. e3 {[%emt 0:00:30]} a5 {[%emt 0:00:30]} 9. a3 {[%emt 0:00:30]} Bxc3 {[%emt 0:00:30]} 10. Bxc3 {[%emt 0:00:30]} e5 {[%emt 0:00:30]} 11. d5 {[%emt 0:00:30]} Nb8 {[%emt 0:00:30]} 12. Ng5 {[%emt 0:00:30]} Bg4 {[%emt 0:00:30]} 13. f3 {[%emt 0:00:30]} Bh5 {[%emt 0:00:30]} 14. Bd3 {[%emt 0:00:30]} Nxd5 {[%emt 0:18:37]} 15. Bxh7+ {[%emt 0:59:08]} Kh8 {[%emt 0:00:01]} 16. Rxd5 {[%emt 0:01:33]} Qxg5 {[%emt 0:00:28]} 17. f4 {[%emt 0:03:28]} Qh6 {[%emt 0:00:35]} 18. Bf5 {[%emt 0:01:47]} Nc6 {[%emt 0:05:16]} 19. Rb5 {[%emt 0:10:23]} exf4 {[%emt 0:04:49]} 20. exf4 {[%emt 0:00:44]} Qxf4+ {[%emt 0:00:36]} 21. Qd2 {[%emt 0:06:46]} Qxd2+ {[%emt 0:00:39]} 22. Kxd2 {[%emt 0:00:04]} Bg6 {[%emt 0:03:02]} 23. Bxg6 {[%emt 0:01:38]} fxg6 {[%emt 0:00:02]} 24. Rxb7 {[%emt 0:00:07]} Rf2+ {[%emt 0:02:59]} 25. Ke3 {[%emt 0:00:48]} Rf7 {[%emt 0:00:19]} 26. Re1 {[%emt 0:01:38]} a4 {[%emt 0:11:50]} 27. Kd3 {[%emt 0:00:45]} Rd8 {[%emt 0:00:11]} 28. Rb5 {[%emt 0:02:33]} Rf2 {[%emt 0:17:38]} 29. Re2 {[%emt 0:01:36]} Rf1 {[%emt 0:09:58]} 30. Rg5 {[%emt 0:02:02]} Kh7 {[%emt 0:01:30]} 31. Re6 {[%emt 0:04:42]} Ne5+ {[%emt 0:00:43]} 32. Ke2 {[%emt 0:01:00]} Rb1 {[%emt 0:03:09]} 33. c5 {[%emt 0:00:41]} Rd7 {[%emt 0:02:45]} 34. Re8 {[%emt 0:01:54]} Nf7 {[%emt 0:07:55]} 35. Rg3 {[%emt 0:01:44]} dxc5 {[%emt 0:01:05]} 36. Rge3 {[%emt 0:00:15]} Rc1 {[%emt 0:05:25]} 37. R8e7 {[%emt 0:02:31]} Rc2+ {[%emt 0:02:01]} 38. Kf3 {[%emt 0:00:15]} Rd1 {[%emt 0:00:16]} 39. Kg3 {[%emt 0:01:06]} Nd6 {[%emt 0:00:50]} 40. Kg4 {[%emt 0:02:09]} Nf5 {[%emt 0:53:28]} 41. Rh3+ {[%emt 0:03:46]} Kg8 {[%emt 0:00:00]} 42. Re8+ {[%emt 0:00:44]} Kf7 {[%emt 0:00:00]} 43. Rhh8 {[%emt 0:00:28]} Nh6+ {[%emt 0:00:00]} 44. Kh4 {[%emt 0:04:21]} Nf5+ {[%emt 0:00:00]} 45. Kh3 {[%emt 0:01:08]} Rd3+ {[%emt 0:00:00]} 46. g3 {[%emt 0:00:33]} Ne7 {[%emt 0:00:00]} 47. Rhf8+ {[%emt 0:01:40]} Ke6 {[%emt 0:00:00]} 48. Bxg7 {[%emt 0:01:37]} Re3 {[%emt 0:00:00]} 49. Rd8 {[%emt 0:03:27]} Nf5 {[%emt 0:00:00]} 50. Rfe8+ {[%emt 0:06:19]} Kf7 {[%emt 0:00:00]} 51. Rxe3 {[%emt 0:00:08]} Nxe3 {[%emt 0:00:00]} 52. Rd7+ {[%emt 0:00:14]} Ke6 {[%emt 0:00:00]} 53. Rxc7 {[%emt 0:01:02]} g5 {[%emt 0:00:00]} 54. Bc3 {[%emt 0:02:24]} g4+ {[%emt 0:00:00]} 55. Kh4 {[%emt 0:00:04]} Rxh2+ {[%emt 0:00:00]} 56. Kg5 {[%emt 0:00:05]} Rg2 {[%emt 0:00:00]} 57. Rxc5 {[%emt 0:01:51]} Rxg3 {[%emt 0:00:00]} 58. Kf4 {[%emt 0:00:36]} Rf3+ {[%emt 0:00:00]} 59. Ke4 {[%emt 0:02:45]} Nd1 {[%emt 0:00:00]} 60. Bd4 {[%emt 0:03:18]} Nf2+ {[%emt 0:00:00]} 61. Bxf2 {[%emt 0:00:49]} Rxf2 {[%emt 0:00:00]} 62. Rg5 {[%emt 0:00:22]} Rxb2 {[%emt 0:00:00]} 63. Rxg4 {[%emt 0:00:06]} Rb3 {[%emt 0:00:00]} 64. Kd4 {[%emt 0:00:09]} Rxa3 {[%emt 0:00:00]} 65. Kc4 {[%emt 0:00:08]} Ra1 {[%emt 0:00:00]} 66. Rg6+ {[%emt 0:00:32]} Ke5 {[%emt 0:00:00]} 67. Ra6 {[%emt 0:00:09]} a3 {[%emt 0:00:00]} 68. Kb3 {[%emt 0:00:08]} Kd4 {[%emt 0:00:00]} 69. Rxa3 {[%emt 0:00:08]} Rxa3+ {[%emt 0:00:00]} 70. Kxa3 1/2-1/2

[Event "BL 2016-17"]
[Site "Germany"]
[Date "2017.02.18"]
[Round "7"]
[White "Johansson, Linus"]
[Black "Ernst, Sipke"]
[Result "1-0"]
[WhiteElo "2408"]
[BlackElo "2562"]
[Annotator "TA"]
[PlyCount "97"]
[EventDate "2017.??.??"]
[EventType "team-tourn"]
[EventCountry "GER"]
[SourceTitle "playchess.com"]
[Source "ChessBase"]
[SourceQuality "1"]
[WhiteTeam "Bayern München"]
[BlackTeam "Hamburger SK"]

{[%evp 12,97,10,8,22,14,12,8,22,7,12,15,35,44,42,27,32,37,27,32,26,23,29,37,20,8,0,-1,36,32,26,29,16,0,0,0,0,-7,82,67,81,93,101,86,85,0,0,0,77,0,79,0,70,0,0,0,0,0,0,0,0,0,0,0,0,0,0,0,0,0,0,-38,-47,-34,-34,-43,-44,-45,504,504,29976,29977,29936,100,6308,6383,5373,5310]} 1. d4 Nf6 2. Nf3 e6 3. c4 {??.} d5 4. Nc3 a6 5. c5 b6 6. cxb6 cxb6 7. Bf4 Nc6 8. e3 Be7 9. h3 Bb7 10. Be2 b5 11. O-O Nd7 12. a4 b4 13. Na2 O-O 14. Nc1 Na5 15. Nb3 Nc4 16. Qb1 a5 17. Rc1 Rc8 18. Bd3 g6 19. Nbd2 {[%cal Rd2c4]} Nd6 20. Rxc8 Qxc8 21. Qf1 Qa8 22. Rc1 Rc8 23. Ne5 Nb6 24. b3 Ne4 (24... f6 $11 25. Rxc8+ Qxc8) 25. Rxc8+ $16 Qxc8 26. Bxe4 $1 dxe4 27. Qb5 $1 Nd5 28. Bh6 ({Not} 28. Qxa5 Nxf4 29. exf4 Qc1+ 30. Nf1 {[#]} e3 $1 {[%mdl 512]} 31. fxe3 Qc2 $17) (28. Nec4 $1 $16) 28... f6 29. Nec4 g5 (29... Ba6 $1 $11 {remains equal.} 30. Qxa5 g5) 30. h4 ({But not} 30. Nxe4 Nc3 31. Nxf6+ Bxf6 32. Qxa5 Nd5 $11) (30. Nxa5 $16 Ba6 31. Qc6) 30... gxh4 (30... Ba6 $1 $11 31. Qxa5 gxh4) 31. Qxa5 ({And not} 31. Nxe4 Ba6 32. Qxa5 Bxc4 33. bxc4 Qxc4 $19) ({Better is} 31. Nxa5 $16 Ba6 32. Qc6) 31... Kf7 (31... Ba6 $1 $11) 32. Nxe4 ({White should play} 32. Bf4 $14) 32... Kg6 $11 33. Ned6 Bxd6 $1 34. Nxd6 Qc1+ 35. Kh2 Kxh6 36. Qd8 {Black must now prevent Qg8.} Qc2 $1 37. Qf8+ Kh5 38. Qe8+ Kh6 39. Qf8+ Kh5 40. Qg7 {Hoping for Kh3.} Ba8 41. e4 Qc7 42. g4+ hxg3+ 43. Qxg3 Qc3 {Threatens to win with ...Qxg3+.} 44. Qg8 Qc7 $2 {[%mdl 8192]} (44... Nf4 $15 {stays ahead.} 45. Qxh7+ Kg4 46. Qg7+ Kf3 47. Qg3+ Ke2 48. Qxf4 Qxb3) 45. Qxe6 $18 Ne7 (45... Qc1 $18 46. Qh3+ Kg6 47. Qf5+ Kg7 48. exd5 Qh6+ 49. Kg3 Qg5+ 50. Qxg5+ fxg5 51. Ne8+ Kf7) 46. Qh3+ $1 Kg6 {[#]} 47. Qg4+ $1 Kh6 {[#]} 48. e5 $1 {[%cal Rd6f7]} Bd5 49. Ne8 1-0

[Event "BL 2016-17"]
[Site "Germany"]
[Date "2017.02.18"]
[Round "7"]
[White "Bruedigam, Martin"]
[Black "Moiseenko, Alexander"]
[Result "0-1"]
[WhiteElo "2405"]
[BlackElo "2661"]
[Annotator "TA"]
[PlyCount "75"]
[EventDate "2017.??.??"]
[EventType "team-tourn"]
[EventCountry "GER"]
[SourceTitle "playchess.com"]
[Source "ChessBase"]
[SourceQuality "1"]
[WhiteTeam "König Tegel"]
[BlackTeam "Hockenheim"]

{[%evp 12,75,17,0,3,-17,-17,-43,-21,-30,-5,-25,-41,-77,-86,-83,-86,-83,-100,-91,-97,-91,-87,-205,-206,-243,-233,-283,-290,-275,-274,-391,-411,-410,-414,-370,-344,-337,-202,-200,-195,-407,-399,-411,-392,-393,-403,-362,-208,-207,-204,-206,-206,-224,-227,-225,-181,-202,-210,-202,-205,-252,-159,-205,-195,-207]} 1. e4 c5 2. Nf3 Nc6 3. Bb5 {??.} e6 4. Bxc6 bxc6 5. b3 f6 6. O-O e5 7. c3 d5 8. Qe2 a5 9. exd5 cxd5 (9... Qxd5 $6 10. c4 Qd8 11. Nc3 $14) 10. d4 Ba6 11. c4 cxd4 12. Nxe5 fxe5 13. Qh5+ Kd7 14. Qxe5 Nf6 {Threatens to win with ...Kc6.} ({Don't go for} 14... dxc4 $2 15. Rd1 (15. Qxd4+ $2 Kc6 16. Qc3 Qd3 17. Qxa5 cxb3 $19) 15... d3 16. bxc4 $18) 15. Qxd4 Ke8 16. Bg5 Be7 {White must now prevent ...h6.} 17. Re1 (17. Nc3 $17 Kf7 18. Qf4) 17... Kf7 $1 $19 18. cxd5 h6 ({And not} 18... Nxd5 19. Bxe7 Re8 20. Rd1 Rxe7 21. Nc3 Nxc3 22. Qxd8 (22. Qxc3 Qe8 23. Qxa5 Kg8 24. Qd5+ Kh8 $17) 22... Rxd8 23. Rxd8 $14) 19. Bh4 {[#]} g5 $1 20. Bg3 {d6 is the strong threat.} Qxd5 21. Qb2 (21. Qe5 $142 Qxe5 22. Bxe5) 21... Bb7 {[%csl Gb7][%cal Rd5g2]} 22. f3 Bb4 23. Rc1 Rac8 {aiming for ...Rxc1+.} 24. Na3 {[#]} Bc3 $1 {[%mdl 512]} (24... Rhd8 $142 {Strongly threatening ...Rxc1+.} 25. Nc4 Bc5+ 26. Bf2 {[#]} Ng4 $1 {[%mdl 512]}) 25. Rxc3 Qd4+ 26. Bf2 $2 (26. Kh1 {was forced.} Qxc3 27. Qxc3 Rxc3 28. Nb5) 26... Qxc3 27. Qxc3 Rxc3 28. Nc4 {and the idea Nd6+ leaves White hopeful.} Rd8 29. Be1 Rxc4 (29... Rc2 $142 30. Bxa5 Rb8) 30. bxc4 a4 31. Rb1 Bc6 32. Kf2 g4 33. Rb6 Rc8 34. Bd2 gxf3 35. gxf3 h5 36. Ra6 Ke6 37. Bc3 (37. Bf4 $17) 37... Nd7 38. Bd4 0-1

[Event "BL 2016-17"]
[Site "St. Veit/Glan"]
[Date "2017.03.25"]
[Round "7"]
[White "Volkmann, Friedrich Karl"]
[Black "Shengelia, David"]
[Result "0-1"]
[WhiteElo "2402"]
[BlackElo "2572"]
[Annotator "TA"]
[PlyCount "142"]
[EventDate "2017.??.??"]
[EventType "team-tourn"]
[EventCountry "AUT"]
[SourceTitle "playchess.com"]
[Source "ChessBase"]
[SourceQuality "1"]
[WhiteTeam "Wulkaprodersdorf"]
[BlackTeam "Jenbach"]

{[%evp 9,141,0,11,8,6,0,0,0,10,0,48,52,63,53,70,55,68,62,81,67,282,228,413,422,433,429,438,420,754,728,359,97,104,83,66,43,34,34,31,31,27,0,32,0,0,0,0,-1,10,15,10,21,24,0,20,20,20,20,20,16,16,17,19,23,12,0,34,-31,-27,-54,-30,-32,-30,-34,-42,-52,-47,-84,0,-41,0,0,0,0,0,0,0,0,0,0,0,0,0,-42,-42,-43,-38,-48,-73,-125,-102,-173,-76,-99,-110,-1687,-1607,-1320,-1152,-1857,-1688,-1429,-1472,-1027,-892,-2708,-2514,-5152,-2404,-6008,-5518,-29990,-29991,-29993,-29994,-29994,-29995,-29995,-29996,-29997,-29998,-29998,-29999,-29999]} 1. d4 Nf6 2. c4 e6 3. Nc3 Bb4 4. Qc2 O-O 5. e4 d6 6. Bd3 {E32: Nimzo-Indian: Classical (4 Qc2): 4...0-0} (6. e5 dxe5 7. dxe5 Ng4 8. a3 Bc5 9. Ne4 Bd4 10. Nf3 Nxe5 11. Nxd4 Qxd4 12. Be3 Qd7 13. Be2 f5 14. f4 {½-½ (38) Fier,A (2636)-Nisipeanu,L (2667) Linares 2015}) 6... e5 7. a3 Bxc3+ 8. bxc3 {The position is equal.} b6 9. Ne2 {[%cal Bg1e2,Be2g3,Bg3f5][%mdl 32]} Bb7 10. O-O Qe8 $146 (10... Re8 11. Ng3 Nc6 12. Bb2 Ne7 13. f4 Ng6 14. Bc1 {½-½ (49) Leitao,R (2515)-Urday Caceres,H (2445) Americana 1997}) 11. Ng3 Nc6 12. f4 {[%cal Bf2f4,Bf4f5][%mdl 32]} exd4 13. Bb2 dxc3 14. Qxc3 Qe6 $2 ({Black should play} 14... Ne7 $14) 15. Nf5 $18 Ne7 $2 {[#]} (15... Rae8 16. Rf3 Ne5) 16. Nxg7 $1 {[%mdl 512]} Kxg7 17. f5 Qe5 {...Qxc3 is the strong threat.} 18. Qd2 Qc5+ (18... h6 $142) 19. Kh1 Rg8 20. Qg5+ $2 (20. Bxf6+ $1 $18 {is the precise move to win.} Kxf6 21. Qh6+ Ke5 22. f6) 20... Kf8 $16 {[%cal Bg7f8,Bf8e8,Be8d7][%mdl 32]} 21. Qh6+ $1 Ke8 22. Bxf6 Kd7 23. Qxh7 Raf8 24. Bg7 Re8 25. Bc3 Ref8 $1 26. f6 Ng6 27. Qh3+ Kd8 28. Rf5 $132 {[%mdl 2048] White is fighting back (4)} Bc8 29. Rxc5 Bxh3 30. Rd5 Be6 31. Rg5 Ne5 32. Rxg8 Rxg8 33. Bxe5 $1 dxe5 $11 {[%mdl 4096] Endgame KRB-KRB} 34. c5 Rg6 35. cxb6 axb6 36. Rf1 c5 37. Kg1 Kc7 38. Rf3 (38. Be2 $14) 38... Kd6 {[%mdl 1024] Black has compensation.} 39. h3 c4 40. Bc2 Kc5 41. Kf2 b5 42. g4 Kd4 43. Ke1 Rg8 (43... Bd7 $17 44. Rf2 Bc6) 44. Rg3 c3 45. Rd3+ Kc4 46. Rd6 Re8 $1 47. Kf2 Kc5 48. Rd3 b4 $1 {[%cal Rb4a3]} 49. axb4+ Kxb4 50. Rd6 Bc4 {With the idea ...Ra8.} 51. Rb6+ Kc5 52. Rb7 Rd8 53. Rc7+ Kb4 {Strongly threatening ...Rd2+.} 54. Rb7+ (54. Kf3 $142) 54... Ka3 $1 $17 {aiming for ...Rd2+.} 55. Rc7 {[#]} (55. Kf3 $17) 55... Rd2+ (55... Rd4 $1 $19 {has better winning chances. And now ...Kb2 would win.} 56. Bb1 Kb2 57. Rb7+ Bb3) 56. Kg3 Kb4 (56... Rxc2 57. Rxc4 Rc1 58. Rc7 $14) 57. g5 $2 {[%mdl 8192]} (57. Rb7+ $17 Kc5 58. Rc7+ Kb5 59. Bb1) 57... Rxc2 $19 {KRB-KR} 58. g6 Ra2 ({Worse is} 58... fxg6 {[#]} 59. Rxc4+ $1 {[%mdl 512]} Kxc4 60. f7 $14) 59. g7 Ra8 60. Rb7+ Kc5 {( -> ...c2)} 61. Ra7 Rb8 (61... Rxa7 $2 62. g8=Q c2 63. Qg5 $19) 62. Ra1 c2 63. Kf3 Kd4 ({Stronger than} 63... Rb1 64. g8=Q c1=Q 65. Qf8+ Kc6 66. Qe8+ (66. Qc8+ Kd6 67. Qd8+ Kc5 68. Qc7+ Kd4 69. Qd6+ Kc3 70. Qxe5+ Kc2 71. Qh2+ Kd3 72. Qd6+ Kc2 73. Qh2+ Kd1 74. Qg1+ Kc2 75. Qxc1+ Rxc1 76. Rxc1+ Kxc1 $18) 66... Kc5 67. Qxe5+ Kc6 68. Qe8+ Kc5 69. Qe5+ Kc6 70. Qe8+ Kc5 71. Qe5+ $11) 64. Re1 Kc3 65. Ke3 Rb1 {Black mates.} 66. Kf2 Rxe1 67. g8=Q c1=Q 68. Qg3+ Kb4 69. Qxe5 Qe3+ 70. Kg2 Rg1+ 71. Kh2 Qf2# 0-1

[Event "BL 2016-17"]
[Site "Germany"]
[Date "2017.02.18"]
[Round "7"]
[White "Zwirs, Nico"]
[Black "Womacka, Mathias"]
[Result "0-1"]
[WhiteElo "2402"]
[BlackElo "2427"]
[Annotator "RC"]
[PlyCount "110"]
[EventDate "2017.??.??"]
[EventType "team-tourn"]
[EventCountry "GER"]
[SourceTitle "playchess.com"]
[Source "ChessBase"]
[SourceQuality "1"]
[WhiteTeam "Mülheim Nord"]
[BlackTeam "Schwäbisch Hall"]
[TimeControl "40/6000+30:3000+30"]

1. d4 {[%emt 0:00:00]} Nf6 {[%emt 0:00:05]} 2. Nf3 {[%emt 0:00:00]} e6 {[%emt 0:00:14]} 3. e3 {[%emt 0:00:00]} c5 {[%emt 0:01:35]} 4. c4 {[%emt 0:00:20]} d5 {[%emt 0:02:13]} 5. Nc3 {[%emt 0:00:08]} Nc6 {[%emt 0:00:15]} 6. a3 {[%emt 0:01:20]} Ne4 {[%emt 0:02:18]} 7. Bd3 {[%emt 0:05:30]} Nxc3 {[%emt 0:00:37]} 8. bxc3 {[%emt 0:00:03]} Be7 {[%emt 0:00:28]} 9. O-O {[%emt 0:02:08]} O-O {[%emt 0:00:48]} 10. e4 {[%emt 0:12:13]} dxe4 {[%emt 0:24:46]} 11. Bxe4 {[%emt 0:00:07]} Na5 {[%emt 0:08:44]} 12. Bc2 {[%emt 0:34:21]} Bf6 {[%emt 0:37:42]} 13. Qe2 {[%emt 0:08:31]} cxd4 {[%emt 0:02:23]} 14. cxd4 {[%emt 0:00:54]} Bd7 {[%emt 0:00:32]} 15. Bf4 {[%emt 0:03:02]} Rc8 {[%emt 0:05:17]} 16. c5 {[%emt 0:04:34]} Bc6 {[%emt 0:01:10]} 17. Rad1 {[%emt 0:17:50]} Qd5 {[%emt 0:00:10]} 18. Rfe1 {[%emt 0:02:06]} b6 {[%emt 0:01:07]} 19. Qd2 {[%emt 0:04:53]} Rfd8 {[%emt 0:01:51]} 20. Be5 {[%emt 0:04:26]} Be7 {[%emt 0:04:04]} 21. Qf4 {[%emt 0:02:08]} f6 {[%emt 0:04:50]} 22. Qh4 {[%emt 0:00:03]} h6 {[%emt 0:00:07]} 23. Bf4 {[%emt 0:02:04]} Qd7 {[%emt 0:05:03]} 24. Qg3 {[%emt 0:00:53]} Bxf3 {[%emt 0:00:38]} 25. Bxh6 {[%emt 0:01:42]} Bxc5 {[%emt 0:02:48]} 26. gxf3 {[%emt 0:01:12]} Bd6 {[%emt 0:00:35]} 27. Qg6 {[%emt 0:00:41]} Rxc2 {[%emt 0:00:11]} 28. Qxc2 {[%emt 0:00:22]} gxh6 {[%emt 0:00:04]} 29. Kh1 {[%emt 0:00:09]} f5 {[%emt 0:00:35]} 30. Re2 {[%emt 0:01:22]} Bf4 {[%emt 0:01:24]} 31. d5 {[%emt 0:01:42]} e5 {[%emt 0:00:13]} 32. Qd3 {[%emt 0:00:28]} Nb7 {[%emt 0:00:51]} 33. Ree1 {[%emt 0:00:30]} Nc5 {[%emt 0:00:28]} 34. Qc2 {[%emt 0:00:01]} Kh7 {[%emt 0:02:00]} 35. Rg1 {[%emt 0:00:02]} Rg8 {[%emt 0:00:29]} 36. Rxg8 {[%emt 0:00:23]} Kxg8 {[%emt 0:00:01]} 37. a4 {[%emt 0:00:22]} Qf7 {[%emt 0:01:21]} 38. d6 {[%emt 0:01:10]} Qh5 {[%emt 0:00:41]} 39. Rg1+ {[%emt 0:00:23]} Kf7 {[%emt 0:00:36]} 40. Qc4+ {[%emt 0:01:12]} Kf6 {[%emt 0:50:23]} 41. Rg2 {[%emt 0:01:18]} Qf7 {[%emt 0:00:00]} 42. Qb5 {[%emt 0:08:09]} Qd7 {[%emt 0:00:00]} 43. Qc4 {[%emt 0:00:58]} Qxd6 {[%emt 0:00:00]} 44. Qg8 {[%emt 0:00:20]} Qd1+ 45. Rg1 Qxf3+ {[%emt 0:00:00]} 46. Rg2 {[%emt 0:00:04]} Qd1+ {[%emt 0:00:00]} 47. Rg1 {[%emt 0:00:02]} Qf3+ {[%emt 0:00:00]} 48. Rg2 {[%emt 0:00:01]} Ne4 {[%emt 0:00:00]} 49. Qd8+ {[%emt 0:04:35]} Ke6 {[%emt 0:00:00]} 50. Kg1 {[%emt 0:00:44]} Bg5 {[%emt 0:00:00]} 51. Qc8+ {[%emt 0:02:38]} Kd6 {[%emt 0:00:00]} 52. Qb8+ {[%emt 0:02:32]} Kd5 {[%emt 0:00:00]} 53. Qb7+ {[%emt 0:00:52]} Kc5 {[%emt 0:00:00]} 54. Qc7+ {[%emt 0:00:44]} Kb4 {[%emt 0:00:00]} 55. Qc2 {[%emt 0:00:29]} Qb3 {[%emt 0:00:00]} 0-1

[Event "BL 2016-17"]
[Site "St. Veit/Glan"]
[Date "2017.03.25"]
[Round "7"]
[White "Koop, Thorben"]
[Black "Vlcek, Stanislav"]
[Result "1-0"]
[WhiteElo "2400"]
[BlackElo "2275"]
[Annotator "NA"]
[PlyCount "87"]
[EventDate "2017.??.??"]
[EventType "team-tourn"]
[EventCountry "AUT"]
[SourceTitle "playchess.com"]
[Source "ChessBase"]
[SourceQuality "1"]
[WhiteTeam "St. Veit"]
[BlackTeam "Nickelsdorf"]
[TimeControl "40/5400+30:1800+30"]

1. d4 {[%emt 0:00:00]} Nf6 {[%emt 0:00:12]} 2. Nf3 {[%emt 0:00:00]} g6 {[%emt 0:00:08]} 3. g3 {[%emt 0:00:04]} Bg7 {[%emt 0:00:09]} 4. Bg2 {[%emt 0:00:09]} O-O {[%emt 0:00:08]} 5. O-O {[%emt 0:00:48]} c6 {[%emt 0:01:52]} 6. c4 {[%emt 0:08:15]} d6 {[%emt 0:01:16]} 7. Nc3 {[%emt 0:02:03]} Nbd7 {[%emt 0:01:02]} 8. Bf4 {[%emt 0:06:42]} Nh5 {[%emt 0:01:43]} 9. Be3 {[%emt 0:02:38]} e5 {[%emt 0:02:10]} 10. dxe5 {[%emt 0:09:34]} Nxe5 {[%emt 0:05:05]} 11. Nxe5 {[%emt 0:06:34]} dxe5 {[%emt 0:00:40]} 12. Bc5 {[%emt 0:02:44]} Re8 {[%emt 0:08:29]} 13. Qb3 $11 {[%emt 0:09:47]} Nf6 {[%emt 0:05:06]} 14. Rfd1 {[%emt 0:02:20]} Qa5 {[%emt 0:02:09]} 15. Bd6 {[%emt 0:07:43]} Bf8 {[%emt 0:15:56]} 16. c5 {[%emt 0:05:35]} Kg7 {[%emt 0:06:58]} 17. a3 {[%emt 0:07:51]} Bxd6 {[%emt 0:10:50]} 18. cxd6 {[%emt 0:00:08]} Qb6 {[%emt 0:00:36]} 19. Qc2 {[%emt 0:02:30]} Bf5 {[%emt 0:01:45]} 20. e4 {[%emt 0:03:07]} Bg4 {[%emt 0:01:09]} 21. Rd2 {[%emt 0:01:13]} Nd7 {[%emt 0:00:50]} 22. Na4 {[%emt 0:00:53]} Qd8 {[%emt 0:00:35]} 23. b4 {[%emt 0:01:17]} Rb8 {[%emt 0:07:03]} 24. Qc3 {[%emt 0:01:46]} Qf6 {[%emt 0:03:43]} 25. Rc1 {[%emt 0:02:57]} Nf8 {[%emt 0:03:19]} 26. h3 {[%emt 0:00:51]} Bd7 {[%emt 0:01:11]} 27. Nc5 {[%emt 0:01:34]} Red8 {[%emt 0:07:16]} 28. f4 {[%emt 0:00:44]} Re8 {[%emt 0:01:08]} 29. Rf1 {[%emt 0:01:25]} exf4 {[%emt 0:02:00]} 30. Qxf6+ {[%emt 0:00:15]} Kxf6 {[%emt 0:00:22]} 31. Rxf4+ {[%emt 0:02:06]} Kg7 {[%emt 0:00:17]} 32. Rdf2 {[%emt 0:01:52]} f5 {[%emt 0:00:34]} 33. g4 {[%emt 0:01:06]} g5 {[%emt 0:02:22]} 34. Nxd7 {[%emt 0:00:37]} gxf4 {[%emt 0:00:04]} 35. Nxb8 {[%emt 0:00:28]} fxe4 {[%emt 0:01:55]} 36. Rxf4 {[%emt 0:00:42]} Rxb8 {[%emt 0:01:02]} 37. Rxe4 {[%emt 0:00:54]} Rd8 {[%emt 0:01:50]} 38. Re7+ {[%emt 0:00:22]} Kf6 {[%emt 0:00:10]} 39. Rxb7 {[%emt 0:00:34]} Rxd6 {[%emt 0:00:05]} 40. Rxa7 {[%emt 0:00:00]} Rd1+ {[%emt 0:02:45]} 41. Kf2 {[%emt 0:01:57]} Rd2+ {[%emt 0:00:55]} 42. Kf1 {[%emt 0:02:12]} Rd1+ {[%emt 0:00:40]} 43. Ke2 {[%emt 0:00:28]} Rc1 {[%emt 0:00:06]} 44. Kd2 1-0